000 00508nam a2200181 i 4500
001 bg
100 1 _aBLINOWSKA, Aleksandra
245 0 _aFale, cząstki, atomy :
_bksiążka pomocnicza dla uczniów i nauczycieli /
_cA. Blinowska, J. Blinowski, W. Gorzkowski.
250 _aWyd.2.
260 _aWarszawa,
_c1986.
700 1 _aBLINOWSKI, Jan
700 1 _aGORZKOWSKI, Waldemar
040 _cBPK
041 _apol
080 _a539.1+535](07)
942 _cKS
008 s pl f |000 0 pol
999 _c3313
_d3313
856 _uhttp://koha.tu.koszalin.pl/cgi-bin/koha/opac-detail.pl?biblionumber=3313
_yKatalog online BPK